| 000 | 00466nam a2200181 a 4500 | ||
|---|---|---|---|
| 001 | 5086 | ||
| 003 | CO-ViMGA | ||
| 008 | 141112s2004 ck r 000 u spa d | ||
| 040 |
_aCO-ViMGA _bspa _cCO-ViMGA |
||
| 082 | 0 | 4 | _a808.83876 V414 |
| 245 | 1 | 0 | _aViajeros estelares |
| 260 |
_aBarcelona : _bLabor, _c1987 |
||
| 300 | _a109 p | ||
| 490 | _aBolsillo juvenil, 71 | ||
| 650 | 1 | 4 |
_aCIENCIA FICCION _93350 |
| 650 | 1 | 4 |
_aCUENTOS DE CIENCIA FICCION _94182 |
| 942 |
_2ddc _cBK |
||
| 999 |
_c17087 _d17087 |
||